| 000 | 00906nam a22002537a 4500 | ||
|---|---|---|---|
| 999 |
_c4583 _d4583 |
||
| 003 | AR-CdUCM | ||
| 008 | 190311b ||||| |||| 00| 0 spa d | ||
| 020 | _a84-281-0261-9 | ||
| 040 |
_aMUNICIPALIDAD PROVINCIAL DEL CUSCO _cBIBLIOTECA MUNICIPAL DEL CUSCO |
||
| 041 | _hfre | ||
| 082 |
_a270.6 / _bST78 |
||
| 100 |
_aStauffer, Richard _914317 |
||
| 245 | _aLa reforma (1517-1564) / | ||
| 260 |
_aBarcelona : _bOikos-Tau, _c1974. |
||
| 300 |
_a122 páginas ; _c17 cm. |
||
| 440 |
_aColección ¿qué sé? _n105 _914318 |
||
| 505 | _aContenido: Un monje en busca de la salvación -- La reforma Luterana -- Las reformas Zwingliana y Bucerista -- La reforma Calvinista -- La reforma Anglicana. | ||
| 650 |
_aReforma _94889 |
||
| 650 |
_aCalvina, Luretana _914319 |
||
| 650 |
_aHistoria de la Religión _914320 |
||
| 700 |
_aFerrer, Alexander (traducción) _914321 |
||
| 942 |
_2ddc _cLIBROS |
||
| 945 | _aachl | ||